| 000 | 00507cam a22001931 4500 | ||
|---|---|---|---|
| 001 | 10118973 | ||
| 005 | 20180216034316.0 | ||
| 008 | 810708s1917 nyu 000 1 eng | ||
| 010 | _a 17023332 | ||
| 035 | _a(OCoLC)7564907 | ||
| 040 |
_aDLC _cOCoLC _dOCoLC _dDLC |
||
| 041 | _aeng | ||
| 080 | _a88 han | ||
| 100 | 1 | _a24 | |
| 101 | _agju | ||
| 245 | 1 | 4 |
_aThe fortunes of Richard Mahony, _cby Henry Handel Richardson [pseud.] |
| 906 |
_a7 _bcbc _coclcrpl _du _encip _f19 _gy-gencatlg |
||
| 942 |
_2ddc _cBK |
||
| 999 |
_c42737 _d42737 |
||